Rapid interpretation of heart and lung sounds : a guide to cardiac and respiratory auscultation in dogs and cats (Record no. 85763)

MARC details
000 -LEADER
fixed length control field 00988 a2200277 4500
003 - CONTROL NUMBER IDENTIFIER
control field CBULib
005 - DATE AND TIME OF LATEST TRANSACTION
control field 20250129093023.0
008 - FIXED-LENGTH DATA ELEMENTS--GENERAL INFORMATION
fixed length control field 241104b |||||||| |||| 00| 0 eng d
020 ## - INTERNATIONAL STANDARD BOOK NUMBER
International Standard Book Number 9780323327077
040 ## - CATALOGING SOURCE
Language of cataloging English
Transcribing agency CBULib
Description conventions rda
050 ## - LIBRARY OF CONGRESS CALL NUMBER
Classification number SF 811.565 Kee
100 ## - MAIN ENTRY--PERSONAL NAME
Personal name Keene, Bruce W.
245 ## - TITLE STATEMENT
Title Rapid interpretation of heart and lung sounds : a guide to cardiac and respiratory auscultation in dogs and cats
Statement of responsibility, etc / by Bruce W. Keene
260 ## - PUBLICATION, DISTRIBUTION, ETC. (IMPRINT)
Name of publisher, distributor, etc Elsevier,
Date of publication, distribution, etc 2015
Place of publication, distribution, etc St. Louis :
300 ## - PHYSICAL DESCRIPTION
Extent xvii, 93 pages : illustrations
336 ## - CONTENT TYPE
Source rdacontent
Content type term Text |
Content type code txt
337 ## - MEDIA TYPE
Source rdamedia
Media type term Unmediated |
Media type code n
338 ## - CARRIER TYPE
Source rdacarrier
Carrier type term Volume
Carrier type code nc
500 ## - GENERAL NOTE
General note Includes revision of: Rapid interpretation of heart and lung sounds.
650 #0 - SUBJECT ADDED ENTRY--TOPICAL TERM
9 (RLIN) 3973
Topical term or geographic name as entry element ARRHYTHMIAS, CARDIAC VETERINARY
650 #0 - SUBJECT ADDED ENTRY--TOPICAL TERM
9 (RLIN) 3974
Topical term or geographic name as entry element ASCULTATION
650 #0 - SUBJECT ADDED ENTRY--TOPICAL TERM
9 (RLIN) 3975
Topical term or geographic name as entry element AUSCULTATION VETERINARY
650 #0 - SUBJECT ADDED ENTRY--TOPICAL TERM
9 (RLIN) 3976
Topical term or geographic name as entry element CAT DISEASES DIAGNOSIS
650 #0 - SUBJECT ADDED ENTRY--TOPICAL TERM
9 (RLIN) 3977
Topical term or geographic name as entry element DOGS CARDIOVASCULAR SYSTEM
942 ## - ADDED ENTRY ELEMENTS (KOHA)
Source of classification or shelving scheme
Koha item type MONOGRAPH
Holdings
Withdrawn status Lost status Source of classification or shelving scheme Damaged status Not for loan Collection code Permanent Location Current Location Shelving location Date acquired Source of acquisition Cost, normal purchase price Full call number Barcode Date last seen Price effective from Koha item type Total Checkouts
          CBU-Lusaka Campus CBU- LUSAKA CAMPUS CBU- LUSAKA CAMPUS General Stacks 11/04/2024 BOOK AID INTERNATIONAL 64.87 SF 811.565 Kee 753044 11/04/2024 11/04/2024 MONOGRAPH  
          Main Library Open Access Collection CBU-MAIN LIBRARY, KITWE. CBU-MAIN LIBRARY, KITWE. General Stacks 01/29/2025 BOOK AID INTERNATIONAL 64.87 SF 811.565 Kee 753363 01/29/2025 01/29/2025 MONOGRAPH  
          Main Library Open Access Collection CBU-MAIN LIBRARY, KITWE. CBU-MAIN LIBRARY, KITWE. General Stacks 01/29/2025 BOOK AID INTERNATIONAL 64.87 SF 811.565 Kee 753362 01/29/2025 01/29/2025 MONOGRAPH